Представление документа в формате RUSMARC

ПолеНазваниеЗначение
  Тип записи a
  Библиографический уровень m
001 Контрольный номер 67e1cff507624981a0a30e6fda2f98d5
005 Дата корректировки 20160203094857.2
010 Индекс ISBN __
a ISBN 978-5-496-00775-7
d Цена 487,00
101 Язык документа 0_
a Язык текста rus
102 Страна публикации __
a Страна публикации RU
200 Заглавие и сведения об ответственности 1_
a Заглавие Менеджмент
b Общее обозначение материала Текст
e Сведения, относящиеся к заглавию учебное пособие. Стандарт третьего поколения
f Первые сведения об ответственности А. Фаррахов
205 Сведения об издании __
a Основные сведения об издании 2-е изд.
210 Выходные данные 1_
a Место издания СПб.
c Издательство Питер
d Дата издания 2014
215 Физическое описание __
a Объем 352с.
c Иллюстрации/тип воспроизводства ил.
225 Серия 2_
a Серия Учебное пособие
610 Ключевые слова 0_
a Ключевые слова Менеджмент
a Ключевые слова эволюция менеджмента
a Ключевые слова организация менеджмента
a Ключевые слова структура менеджмента
a Ключевые слова стратегия развития организации
686 Индексы других классификаций __
a Классификационный индекс 65.050(М)
700 Автор _1
a Фамилия Фаррахов А.
801 Источник записи _0
a Страна RU
b Организация РУК
g Правила каталогизации PSBO
801 Источник записи _1
a Страна RU
b Организация РУК
g Правила каталогизации PSBO
852 Данные о местонахождении __
i Авторский знак Ф 25
j Шифр хранения 65.050(М)
b Сигла хранения ЧЗ_1
t Номер экземпляра 1
p Инвентарный номер 1800150232
901 Тип документа __
t Тип документа m
937 Технологическая информация __
a Создатель записи (имя) Носкова
938 Служебная информация __
a Название организации Саранский филиал
952 Тип литературы __
b Гриф литературы для ВШ гриф УМО
c Вид литературы учебное пособие